000 00280nam a22001337a 4500
008 170413b xxu||||| |||| 00| 0 eng d
020 _a0915473489
041 _aeng
080 _a618
100 _a10
101 _aSHM
245 _aPERINTAL CARE
_cLEVY.L.L
942 _2udc
_cBK
999 _c10621
_d10621